| 000 | 00461nam a2200157Ia 4500 | ||
|---|---|---|---|
| 999 |
_c2988 _d2988 |
||
| 020 | _a019- 566194- X | ||
| 082 | _aRR 338.900954 NAT-; | ||
| 245 | 0 | _aNorth India human development report | |
| 260 |
_aNew Delhi _bOxford University Press _c2003 |
||
| 300 | _a347 p. | ||
| 650 | _aIndia - Economic conditions | ||
| 700 | _aBuragohain, Tarujyoti | ||
| 700 | _aShariff, Abusaleh | ||
| 710 | _aNational Council of Applied Economic Research, New Delhi | ||
| 942 | _cBK | ||